00303nam a2200109 a 4500008004100000050001600041100001700057245005100074260004400125300001500169350000900184120416s1983 ||||||||||||||||| || u aT 57.77 Mje aMjelde, K. M10aMethods of the allocation of limited resources aChichesterbJohn Wiley and Sonsc[1983] aviii, 88p. a0.00